| 000 | 01055nam a2200205Ia 4500 | ||
|---|---|---|---|
| 008 | 0000001996 usa 0000000000eng00 | ||
| 090 | _aPUS00 B17t | ||
| 100 | 1 |
_aBasquiat, Jean Michel _d1960 |
|
| 245 | 1 | 0 |
_aTwo cents _c/ works on paper by JeanMichel Basquiat ; poetry by Kevin Young |
| 300 |
_a51 p. _c/ 21 cm. |
||
| 500 | _aExposición realizada en: Miami Dade Community College, Octubre 1995 Enero 1996, Castellani Art Museum Niagara University, New York, Febrero marzo 1996, Otis Gallery, Otis College of Art and Design Los Angeles, California, septiembre octubre 1996 \ Con el patronazgo del maestro venezolano Jesús Rafael Soto (q.e.p.d.) \ Registro auspiciado por el IDCT. Bogotá | ||
| 600 | 0 | 0 |
_a BASQUIAT, JEAN MICHEL, 1960198/ _xTRABAJOS PICTORICOS |
| 650 | 1 | 4 | _a PINTURA ESTADOUNIDENSE |
| 650 | 1 | 4 | _aARTE CONTEMPORANEO ESTADOUNIDENSE |
| 650 | 1 | 4 | _aARTE Y POESIA |
| 650 | 1 | 4 | _xCATALOGOS |
| 650 | 1 | 4 | _xEXPOSICIONES |
| 700 | 1 | _aYoung, Kevin, 1970 | |
| 999 |
_c4303 _d4303 |
||
| 260 |
_aMiami : MiamiDade Community College Wolfson Campus _c1996 |
||